New Doctor Who - Every Episode - Statistics

General Stats
  • This quiz has been taken 46 times
    45 since last reset
  • The average score is 84 of 165
Answer Stats
Questions Answer % Correct
One R___ Rose
100%
One T__ E__ O_ T__ W____ The End of the World
87%
One B__ W___ Bad Wolf
80%
Three B____ Blink
80%
One D_____ Dalek
80%
Christmas 2009 T__ E__ O_ T___ Part _ The End of Time Part 1
80%
Christmas 2009 T__ E__ O_ T___ Part _ The End of Time Part 2
80%
Christmas A C_______ C_____ A Christmas Carol
73%
Two N__ E____ New Earth
73%
Christmas T__ C_______ I_______ The Christmas Invasion
73%
Two T__ G___ I_ T__ F________ The Girl in the Fireplace
73%
One T__ P______ O_ T__ W____ The Parting of the Ways
73%
Christmas T__ R______ B____ The Runaway Bride
73%
Four T__ U_____ A__ T__ W___ The Unicorn and the Wasp
73%
Winter 2009 T__ W_____ O_ M____ The Waters of Mars
73%
Three U______ Utopia
73%
Christmas V_____ O_ T__ D______ Voyage of the Damned
73%
Two A___ O_ G____ Army of Ghosts
67%
Three D____ I_ M_________ Daleks in Manhattan
67%
Two D_______ Doomsday
67%
Four F_____ O_ T__ D___ Forest of the Dead
67%
Three G______ Gridlock
67%
Four J______ E__ Journeys End
67%
Three L___ O_ T__ T____ L_____ Last of the Time Lords
67%
Two L___ A__ M______ Love and Monsters
67%
Four M______ Midnight
67%
Two R___ O_ T__ C________ Rise of the Cybermen
67%
Two S______ R______ School Reunion
67%
Four S______ I_ T__ L______ Silence in the Library
67%
Three S____ A__ J____ Smith and Jones
67%
One T__ D_____ D_____ The Doctor dances
67%
Five T__ E______ H___ The Eleventh Hour
67%
One T__ E____ C____ The Empty Child
67%
Four T__ F____ O_ P______ The Fires of Pompeii
67%
Two T__ I_____ L_____ The Idiots Lantern
67%
One T__ L____ G____ The Long Game
67%
Two T__ S____ P__ The Satan Pit
67%
Three T__ S____ O_ D_____ The Sound of Drums
67%
Two T____ A__ C___ Tooth and Claw
67%
Three __ 42
60%
One A_____ O_ L______ Aliens of London
60%
One B___ T___ Boom Town
60%
One F_____ D__ Fathers Day
60%
Two F___ H__ Fear Her
60%
Three H_____ N______ Human Nature
60%
Four P______ I_ C____ Partners in Crime
60%
Easter 2009 P_____ O_ T__ D____ Planet of the Dead
60%
Two T__ A__ O__ S_____ The Age of Steel
60%
Seven T__ D__ O_ T__ D_____ The Day of the Doctor
60%
Three T__ F_____ O_ B_____ The Family of Blood
60%
Two T__ I_______ P____ The Impossible Planet
60%
Christmas 2008 T__ N___ D______ The Next Doctor
60%
Three T__ S_________ C___ The Shakespeare Code
60%
Four T__ S______ S_______ The Sontaran Stratagem
60%
Four T__ S_____ E____ The Stolen Earth
60%
Christmas T__ T___ O_ T__ D_____ The Time of the Doctor
60%
One T__ U_____ D___ The Unquiet Dead
60%
Eleven T__ W_____ W__ F___ T_ E_____ The Woman Who Fell To Earth
60%
Four T___ L___ Turn Left
60%
One W_____ W__ T_____ World War Three
60%
Eight D___ B____ Deep Breath
53%
Seven J______ T_ T__ C____ O_ T__ T_____ Journey to the Centre of the Tardis
53%
Six L____ K___ H_____ Lets Kill Hitler
53%
Four P_____ O_ T__ O__ Planet of the Ood
53%
Eleven R___ Rosa
53%
Seven T__ A_____ T___ M________ The Angels take Manhattan
53%
Five T__ B____ B_____ The Beast Below
53%
Four T__ D_____ D_______ The Doctors Daughter
53%
Six T__ D_____ W___ The Doctors Wife
53%
Christmas T__ D____, T__ W____ A__ T__ W_______ The Doctor, The Widow and the Wardrobe
53%
Three T__ L______ E_______ The Lazarus Experiment
53%
Seven T__ N___ O_ T__ D_____ The Name of the Doctor
53%
Four T__ P_____ S__ The Poison Sky
53%
Seven T__ P_____ O_ T____ The Power of Three
53%
Seven T__ S_______ The Snowmen
53%
Christmas T_____ U___ A T___ Twice upon a Time
53%
Six A G___ M__ G___ T_ W__ A Good Man Goes to War
47%
Five A___ C_____ Amys Choice
47%
Seven A T___ C_____ M____ A Town Called Mercy
47%
Seven D_______ O_ A S________ Dinosaurs on a Spaceship
47%
Three E________ O_ T__ D_____ Evolution of the Daleks
47%
Nine F___ T__ R_____ Face the Raven
47%
Eight F_____ Flatline
47%
Five F____ A__ S____ Flesh and Stone
47%
Nine H______ S___ Heaven Sent
47%
Nine H___ B___ Hell Bent
47%
Eleven K_____ Kerblam!
47%
Ten K_____ K_____ Knock Knock
47%
Christmas L___ C_______ Last Christmas
47%
Eight L____ Listen
47%
Ten S____ Smile
47%
Six T__ A_____ P_____ The Almost People
47%
Seven T__ B____ O_ S____ J___ The Bells of Saint John
47%
Five T__ B__ B___ The Big Bang
47%
Ten T__ D_____ F___ The Doctor Falls
47%
Eleven T__ G____ M_______ The Ghost Monument
47%
Five T__ P_______ O____ The Pandorica Opens
47%
Six T__ R____ F____ The Rebel Flesh
47%
Seven T__ R____ O_ A_____ The Rings of Akhaten
47%
Twelve T__ T_______ C______ The Timeless Children
47%
Nine T__ Z_____ I________ The Zygon Invasion
47%
Nine T__ Z_____ I_________ The Zygon Inversion
47%
Ten T___ I__ Thin Ice
47%
Five V______ O_ T__ D_____ Victory of the Daleks
47%
Eleven A_______ I_ T__ U_ Arachnids in the UK
40%
Seven A_____ O_ T__ D_____ Asylum of the Daleks
40%
Twelve C__ Y__ H___ M_ Can You Hear Me?
40%
Six C______ T____ Closing Time
40%
Seven C___ W__ Cold War
40%
Eight D___ W_____ Dark Water
40%
Eight D____ I_ H_____ Death in Heaven
40%
Twelve F______ O_ T__ J_____ Fugitive of the Judoon
40%
Seven H___ Hide
40%
Eight I_ T__ F_____ O_ T__ N____ In the Forest of the Night
40%
Eight I___ T__ D____ Into the Dalek
40%
Eleven I_ T____ Y__ A___ It Takes You Away
40%
Eight K___ T__ M___ Kill The Moon
40%
Eight M_____ O_ T__ O_____ E______ Mummy on the Orient Express
40%
Seven N_________ I_ S_____ Nightmare in Silver
40%
Six N_____ T_____ Night Terrors
40%
Nine S____ N_ M___ Sleep No More
40%
Twelve S______ Part _ Spyfall Part 1
40%
Twelve S______ Part _ Spyfall Part 2
40%
Six T__ C____ O_ T__ B____ S___ The Curse of the Black Spot
40%
Six T__ G____ W__ W______ The Girl Who Waited
40%
Twelve T__ H______ O_ V____ D______ The Haunting of Villa Diodati
40%
Five T__ H_____ E____ The Hungry Earth
40%
Nine T__ H_______ O_ R_____ S___ The Husbands of River Song
40%
Six T__ I________ A_______ The Impossible Astronaut
40%
Ten T__ P_____ The Pilot
40%
Ten T__ P______ A_ T__ E__ O_ T__ W____ The Pyramid at the End of the World
40%
Five T__ T___ O_ A_____ The Time of Angels
40%
Five T__ V______ O_ V_____ The Vampires of Venice
40%
Eleven T__ W________ The Witchfinders
40%
Nine U_____ T__ L____ Under the Lake
40%
Five V______ A__ T__ D_____ Vincent and the Doctor
40%
Ten W_____ E_____ A__ T___ World Enough and Time
40%
Twelve A_______ O_ T__ C_______ Ascension of the Cybermen
33%
Nine B_____ T__ F____ Before the Flood
33%
Five C___ B____ Cold Blood
33%
Six D__ O_ T__ M____ Day of the Moon
33%
Eleven D_____ O_ T__ P_____ Demons of the Punjab
33%
Ten E_______ Extremis
33%
Twelve N_____ T____ N____ O_ T_____ Nikola Tesla's Night of Terror
33%
Twelve O_____ __ Orphan 55
33%
Ten O______ Oxygen
33%
Twelve P______ Praxeus
33%
Christmas R_______ Resolution
33%
Eight R____ O_ S______ Robot of Sherwood
33%
Seven T__ C_____ H_____ The Crimson Horror
33%
Nine T__ G___ W__ D____ The Girl Who Died
33%
Six T__ G__ C______ The God Complex
33%
Christmas T__ R______ O_ D______ M_______ The Return of Doctor Mysterio
33%
Eleven T__ T_______ C________ The Tsuranga Conundrum
33%
Six T__ W_____ O_ R____ S___ The Wedding of River Song
33%
Nine T__ W_____ W__ L_____ The Woman Who Lived
33%
Eight T___ H____ Time Heist
33%
Ten E______ O_ M___ Empress of Mars
27%
Eleven T__ B_____ O_ R______ A_ K____ The Battle of Ranskoor Av Kolos
27%
Eight T__ C_______ The Caretaker
27%
Ten T__ E_____ O_ L_____ The Eaters of Light
27%
Ten T__ L__ O_ T__ L____ The Lie of the Land
27%
Five T__ L______ The Lodger
27%
Nine T__ M________ A_________ The Magician's Apprentice
27%
Nine T__ W_____ F________ The Witch's Familiar
27%
No matching quizzes found
Score Distribution
Percent of People with Each Score
Percentile by Number Answered
Your Score History
You have not taken this quiz since the last reset